| 000 | 00890nam a2200241Ia 4500 | ||
|---|---|---|---|
| 003 | OSt | ||
| 005 | 20220926021652.0 | ||
| 006 | a|||||r|||| 00| 0 | ||
| 007 | ta | ||
| 008 | 220923b |||||||| |||| 00| 0 eng d | ||
| 037 | _cGeneral Book | ||
| 040 |
_aRTL _cRTL _beng |
||
| 041 |
_2eng _aeng |
||
| 082 | _aB286p5,P06, P6 | ||
| 100 | _aUNITED NATIONS | ||
| 110 |
_aUNITED NATIIONS ECONOMIC COMMISSION FOR EUROPE ,. EUROPEAN STATISTICIANS (Conference of--) _9326611 |
||
| 245 | 0 |
_aManaging statistical confidentiality and microdata acess _b Principles and guidelines of good practice |
|
| 260 |
_aNew York _bUnited Nations _c2007 |
||
| 300 |
_av,102p _ccm. |
||
| 700 |
_aUNITED NATIIONS ECONOMIC COMMISSION FOR EUROPE ,. EUROPEAN STATISTICIANS (Conference of--) _9326612 |
||
| 942 |
_hB286p5,P06, P6 _cGB _2CC |
||
| 999 |
_c637383 _d637383 |
||